000 00525nam a2200169 i 4500
001 94048
003 ES-MaACL
005 20230906181358.0
007 t|
008 050614s1973 sp |||| | spa d
100 1 _aDe la Roche, Mazo.
_943058
245 1 3 _aLa mansión de Jalna
_b; La construcción de Jalna /
_cMazo de la Roche ; traducida del inglés por Amando Lázaro Ros.
260 _aMadrid :
_bAguilar,
_c1973.
300 _a379 p. ;
_c19 cm.
700 1 _aLázaro Ros, Amando.
_970807
852 _aES-MaACL
_jC-55809
999 _c94048
_d94048